| 000 | 00827nam a2200229 i 4500 | ||
|---|---|---|---|
| 001 | 40881 | ||
| 003 | ES-MaACL | ||
| 005 | 20230906160330.0 | ||
| 007 | t| | ||
| 008 | 030307s1968 sp ||||1| spa d | ||
| 080 | _a946.301 | ||
| 080 | _a946 | ||
| 100 | 1 |
_aCarretero y Jiménez, Anselmo. _935729 |
|
| 245 | 1 | 3 |
_aLa personalidad de Castilla en el conjunto de los pueblos hispánicos / _cAnselmo Carretero y Jiménez. |
| 250 | _a3ª ed. amp. | ||
| 260 |
_aValencia : _bFomento de Cultura, _c1968. |
||
| 300 |
_a180 p., 16 lám. ; _c18 cm. |
||
| 594 | _aRecoge la conferencia dada por el autor al Institut Català de Cultura el 2 de julio de 1957, en el Orfeó Català de México, amp. para la presente ed. | ||
| 651 | 4 |
_aCastilla- _xHistoria. _97976 |
|
| 651 | 4 |
_aEspaña- _xHistoria. _98209 |
|
| 852 |
_aES-MaACL _jC-56813 |
||
| 999 |
_c40881 _d40881 |
||